000
00271nam a2200109Ia 4500
005
20251222144701.0
008
251222s9999||||xx |||||||||||||| ||spa||
082
_a
985.27/L95
100
_a
Lucero Retes, Gerardo Abraham
245
0
_a
Lurin Hacia el Siglo XXI
942
_c
LIB
999
_c
17461
_d
17461